Paraísos fiscales : (Registro nro. 5950)

Detalles MARC
000 -LEADER
fixed length control field 02185nam a2200265Ia 4500
003 - CONTROL NUMBER IDENTIFIER
control field OSt
005 - DATE AND TIME OF LATEST TRANSACTION
control field 20200909174119.0
008 - FIXED-LENGTH DATA ELEMENTS--GENERAL INFORMATION
fixed length control field 191128s2011 sp gr 000 0 spa d
020 ## - INTERNATIONAL STANDARD BOOK NUMBER
International Standard Book Number 9788483195901
040 ## - CATALOGING SOURCE
Original cataloging agency CO-JMCR
Transcribing agency CO-JMCR
041 0# - LANGUAGE CODE
Language code of text/sound track or separate title spa
082 04 - DEWEY DECIMAL CLASSIFICATION NUMBER
Classification number 364.133 /
Item number E711p
Edition number 23
100 1# - MAIN ENTRY--PERSONAL NAME
Personal name Escario, José Luis,
Relator term autor
9 (RLIN) 10067
245 10 - TITLE STATEMENT
Title Paraísos fiscales :
Remainder of title los agujeros negros de la economía globalizada /
Statement of responsibility, etc. José Luis Escario ; prólogo de Manuel de la Rocha Vásquez.
260 ## - PUBLICATION, DISTRIBUTION, ETC.
Place of publication, distribution, etc. Madrid :
Name of publisher, distributor, etc. Catarata,
Date of publication, distribution, etc. 2011
300 ## - PHYSICAL DESCRIPTION
Extent 122 páginas ;
Dimensions 21 cm.
490 0# - SERIES STATEMENT
Series statement Los libros de la catarata ;
Volume/sequential designation 3
500 ## - GENERAL NOTE
General note Incluye datos biográficos del autor en solapa frontal.
504 ## - BIBLIOGRAPHY, ETC. NOTE
Bibliography, etc. note Bibliografía: páginas 121-122
505 0# - FORMATTED CONTENTS NOTE
Formatted contents note Paraísos fiscales y crisis económica -- La lucha contra las practicas fiscales nocivas en la agenda internacional y el fortalecimiento de los sistemas fiscales -- La transparencia en la presentación de las cuentas de las multinacionales y los bancos como
520 3# - SUMMARY, ETC.
Summary, etc. La reciente crisis económica ha puesto en evidencia los efectos perniciosos de los paraísos fiscales y de las prácticas asociadas a ellos, como la evasión y la elusión fiscal. Actualmente ha quedado bien claro que ya no se trata de un problema colateral que los gobiernos más o menos han tolerado históricamente. Tras el derrumbe de Lehman Brothers y el colapso económico-financiero, muchas voces advierten que el problema ya ha alcanzado una dimensión tal que amenaza a la economía en general, al sostenimiento del Estado del bienestar y a la lucha contra la pobreza en el mundo. Conscientes de ello, en los cinco G20 que se celebraron tras la crisis de 2008, los líderes políticos incluyeron en la agenda la lucha contra las jurisdicciones ?no-cooperativas?. Existe sin embargo un riesgo de que tras la crisis se olvide el papel determinante de los paraísos fiscales, así como la parte de responsabilidad que corresponde a ciertas multinacionales y bancos, principales usuarios de estos agujeros negros del sistema financiero.
650 14 - SUBJECT ADDED ENTRY--TOPICAL TERM
Topical term or geographic name entry element Paraísos fiscales
9 (RLIN) 10068
650 14 - SUBJECT ADDED ENTRY--TOPICAL TERM
Topical term or geographic name entry element Lucha contra prácticas fiscales
9 (RLIN) 10069
942 ## - ADDED ENTRY ELEMENTS (KOHA)
Source of classification or shelving scheme Dewey Decimal Classification
Koha item type Books
Existencias
Withdrawn status Lost status Source of classification or shelving scheme Damaged status Not for loan Collection code Home library Current library Date acquired Source of acquisition Total Checkouts Full call number Barcode Date last seen Date last checked out Copy number Koha item type
    Dewey Decimal Classification     Non-fiction Biblioteca Pública José María del Castillo y Rada Biblioteca Pública José María del Castillo y Rada 04/15/2018 Donación 1 364.133 / E711p 430011272 07/30/2025 07/29/2025 Ej.1 Books